000 004030000a22001690004500
999 _c48120
_d48120
001 940
003 CO-MdFUSB
005 20171115171203.0
008 171115b xxu||||| |||| 00| 0 eng d
040 _cCO-MdFUSB
082 0 4 _a863C G165o
100 1 _aGarcia Mejia, Hernando
245 1 0 _aOjitos borradores / Hernando Garcia Mejia
260 _aMedellĂ­n : Edilux
300 _a177 P.
942 _cLGB